Public rights of way and access to land (Record no. 106927)

MARC details
000 -LEADER
fixed length control field 02338cam a22003255a 4500
001 - CONTROL NUMBER
control field L137905
008 - FIXED-LENGTH DATA ELEMENTS--GENERAL INFORMATION
fixed length control field 070504s2007 xxk f g 000 0 eng d
020 ## - INTERNATIONAL STANDARD BOOK NUMBER
International Standard Book Number 9781846610592
035 ## - SYSTEM CONTROL NUMBER
System control number (Sirsi) u137905
041 0# - LANGUAGE CODE
Language code of text/sound track or separate title eng
100 1# - MAIN ENTRY--PERSONAL NAME
Personal name Sydenham, Angela
245 00 - TITLE STATEMENT
Title Public rights of way and access to land
250 ## - EDITION STATEMENT
Edition statement 3rd ed.
260 ## - PUBLICATION, DISTRIBUTION, ETC.
Place of publication, distribution, etc. Bristol
Name of publisher, distributor, etc. Jordan Publishing Ltd
Date of publication, distribution, etc. 2007
300 ## - PHYSICAL DESCRIPTION
Extent xlvi, 623p.
Dimensions 25cm.
350 ## - PRICE (NR) (BK AM CF MU VM SE) [OBSOLETE]
Price 65
505 2# - FORMATTED CONTENTS NOTE
Formatted contents note Definitions and classes of public rights of way and analogous rights -- The legal interests and rights of highway authorities, landowners, users and utility companies -- Creation of public rights of way -- Extinguishment and diversion orders -- Recording rights of way -- Confirmation of orders -- Ascertaining public rights of way -- Maintenance of highways -- Interference with public rights of way -- Management, common problems and conservation -- Background to the Countryside and Rights of Way Act 2000 -- Access land -- Rights and obligations of the public -- Rights and obligations of owners and occupiers -- Entry to access land -- Management
505 4# - FORMATTED CONTENTS NOTE
Formatted contents note Appendices: Countryside and Rights of Way Act 2000; Highways Act 1980; Wildlife and Countryside Act 1981; Natural Environment and Rural Communities Act 2006; rights of way advice notes; rights of way consistency guidelines
520 ## - SUMMARY, ETC.
Summary, etc. Updated edition of this text on public rights of way provides a wide overview of all relevant legislation, including recent changes to legislation and pertinent case law. Now includes commentary on the Commons Act 2006, Natural Environment and Rural Communities Act 2006 and also address regulations under the Countryside and Rights of Way Act 2000. Case law covered includes Bakewell Management v Brandwood, Oxfordshire County Council v Oxford City Council and Robinson (the Trap Grounds case). Features explanatory notes and refers in detail to planning notes and guidance.
520 ## - SUMMARY, ETC.
Summary, etc. Supersedes 2nd edition (ISBN 085308842X).
521 ## - TARGET AUDIENCE NOTE
Target audience note Advanced
590 ## - LOCAL NOTE (RLIN)
Local note KA
650 24 - SUBJECT ADDED ENTRY--TOPICAL TERM
Topical term or geographic name entry element COUNTRYSIDE AND RIGHTS OF WAY ACT 2000
650 24 - SUBJECT ADDED ENTRY--TOPICAL TERM
Topical term or geographic name entry element HIGHWAYS ACT 1980
650 24 - SUBJECT ADDED ENTRY--TOPICAL TERM
Topical term or geographic name entry element NATURAL ENVIRONMENT AND RURAL COMMUNITIES ACT 2006
650 24 - SUBJECT ADDED ENTRY--TOPICAL TERM
Topical term or geographic name entry element WILDLIFE AND COUNTRYSIDE ACT 1981
651 #4 - SUBJECT ADDED ENTRY--GEOGRAPHIC NAME
Geographic name England and Wales
Chronological subdivision 1543-
690 ## - LOCAL SUBJECT ADDED ENTRY--TOPICAL TERM (OCLC, RLIN)
Topical term or geographic name as entry element Boundary disputes
9 (RLIN) 6221
942 ## - ADDED ENTRY ELEMENTS (KOHA)
Suppress in OPAC 0
Holdings
Withdrawn status Lost status Source of classification or shelving scheme Damaged status Not for loan Home library Current library Shelving location Date acquired Cost, normal purchase price Total Checkouts Full call number Barcode Date last seen Copy number Cost, replacement price Price effective from Koha item type
    Dewey Decimal Classification     London London Books 30/09/2011 52.70   346.410435 SYD 137905-1002 06/08/2019 2 52.70 06/08/2019 Book